Symbole pierwiastków chemicznych po nazwie - Statystyki

Ogólne statystyki
  • Ten quiz został rozwiązany 183 razy
  • Średni wynik to 82 z 118
Statystyki odpowiedzi
Nazwa Odpowiedź % Poprawnych
bor B
100%
węgiel C
100%
fluor F
100%
wodór H
100%
azot N
100%
tlen O
100%
siarka S
100%
lit Li
99%
fosfor P
99%
potas K
98%
neon Ne
98%
jod I
97%
magnez Mg
97%
beryl Be
96%
sód Na
95%
hel He
93%
brom Br
92%
argon Ar
91%
nikiel Ni
91%
chlor Cl
90%
chrom Cr
90%
żelazo Fe
90%
german Ge
90%
krypton Kr
90%
glin Al
89%
wapń Ca
89%
gal Ga
89%
selen Se
89%
arsen As
88%
mangan Mn
87%
krzem Si
87%
stront Sr
87%
srebro Ag
86%
rubid Rb
86%
ruten Ru
86%
bar Ba
85%
kobalt Co
82%
tellur Te
82%
cynk Zn
82%
miedź Cu
81%
tytan Ti
81%
wolfram W
81%
molibden Mo
80%
wanad V
80%
polon Po
79%
złoto Au
78%
rad Ra
78%
iryd Ir
77%
uran U
77%
cer Ce
76%
niob Nb
76%
pallad Pd
76%
cyna Sn
76%
ind In
75%
itr Y
74%
astat At
73%
platyna Pt
73%
skand Sc
73%
tantal Ta
73%
tal Tl
73%
lantan La
71%
bizmut Bi
70%
ksenon Xe
70%
antymon Sb
69%
ameryk Am
68%
frans Fr
68%
rtęć Hg
68%
osm Os
68%
ren Re
68%
technet Tc
68%
nobel No
66%
ołów Pb
65%
radon Rn
65%
kadm Cd
63%
europ Eu
63%
neptun Np
62%
prazeodym Pr
62%
rod Rh
62%
cez Cs
58%
hafn Hf
58%
kopernik Cn
57%
protaktyn Pa
57%
neodym Nd
56%
erb Er
54%
lorens Lr
54%
promet Pm
54%
lutet Lu
53%
samar Sm
53%
holm Ho
52%
mendelew Md
52%
bohr Bh
51%
darmsztadt Ds
51%
has Hs
51%
pluton Pu
51%
einstein Es
49%
gadolin Gd
49%
terb Tb
49%
dubn Db
47%
cyrkon Zr
47%
berkel Bk
46%
dysproz Dy
45%
ferm Fm
45%
oganeson Og
45%
seaborg Sg
45%
tenes Ts
45%
aktyn Ac
44%
roentgen Rg
44%
meitner Mt
43%
nihon Nh
42%
flerow Fl
41%
tor Th
37%
rutherford Rf
36%
kiur Cm
34%
kaliforn Cf
32%
moskow Mc
30%
liwermor Lv
29%
tul Tm
22%
iterb Yb
19%
Nie znaleziono quizów pasujących do podanych kryteriów
Rozkład punktacji
Procent ludzi z każdym wynikiem
Percentyl według liczby udzielonych odpowiedzi
Twoja historia wyników
Nie rozwiązałeś tego quizu